| 000 | 00683cam a2200241 a 4500 | ||
|---|---|---|---|
| 001 | 4505594 | ||
| 005 | 20180313055348.0 | ||
| 008 | 980114r20011988nyu b 000 0 eng | ||
| 010 | _a 98012113 | ||
| 020 | _a0060952873 | ||
| 040 |
_aDLC _cDLC _dDLC |
||
| 041 | _aeng | ||
| 080 | _a371.1024 GLA | ||
| 082 | 0 | 0 |
_a371.1024 GLA _221 |
| 100 | 1 | _a25 | |
| 101 | _aEDU | ||
| 245 | 1 | 0 |
_aChoice theory in the classroom / _cWilliam Glasser. |
| 504 | _aIncludes bibliographical references (p. [149]-150). | ||
| 906 |
_a7 _bcbc _corignew _d1 _eocip _f19 _gy-gencatlg |
||
| 942 |
_2ddc _cBK |
||
| 999 |
_c44879 _d44879 |
||